Versal violence and the persuit of power in aparenceu a Margarita /

Tallennettuna:
Bibliografiset tiedot
Päätekijä: Albuquerque, Severino Jao
Aineistotyyppi: Tuntematon
Kieli:English
Aiheet:
Tagit: Lisää tagi
Ei tageja, Lisää ensimmäinen tagi!

MARC

LEADER 000000000a22000000004500
001 006437
041 0 |a eng 
100 1 |a Albuquerque, Severino Jao 
245 1 0 |a Versal violence and the persuit of power in aparenceu a Margarita /   |c Severino Jao Albuquerque 
650 4 |a TEATRO BRASILEÑO 
650 4 |a ATHAYDE, ROBERTO 
650 4 |a APARECEU A MARGARIDA 
650 4 |a TEATRO 
650 4 |a CRITICA LITERARIA 
773 0 |d Estados Unidos : Center of Cartin American Studies University of Kansas  |t Latin American Theatre Review 1912  |g (1986), páginas 23-29 
942 |c AM 
999 |c 15519  |d 15519